Dr. S. R. Lasker Library Online Catalogue

Home      Library Home      Institutional Repository      E-Resources      MyAthens      EWU Home

Normal view MARC view

Entry Personal Name

Number of records used in: 1

001 - CONTROL NUMBER

  • control field: 25627

003 - CONTROL NUMBER IDENTIFIER

  • control field: BD-DhEWU

005 - DATE AND TIME OF LATEST TRANSACTION

  • control field: 20230522123511.0

008 - FIXED-LENGTH DATA ELEMENTS

  • fixed length control field: 230522|| aca||aabn | a|a d

040 ## - CATALOGING SOURCE

  • Original cataloging agency: BD-DhEWU
  • Transcribing agency: BD-DhEWU

100 ## - HEADING--PERSONAL NAME

  • Personal name: Churiwala, Sanjay

670 ## - SOURCE DATA FOUND

  • Source citation: Work cat.: (BD-DhEWU)6643: Rebala, Gopinath. 25626, An introduction to machine learning /, 2019.